Disney Beauty and the Beast characters Quiz Stats

 Plays Quiz not verified by Sporcle

Challenge
Share
Tweet
Embed
Score 0/8 Timer 10:00
0 Plays Today
% Correct
Belle
100%
Beast
98.5%
Gaston
96.6%
Lumiere
92.6%
Cogsworth
92.1%
Chip
89.2%
Mrs. Potts
88.7%
Maurice
77.8%

You're not logged in!

Compare scores with friends on all Sporcle quizzes.
OR
Log In

You Might Also Like...

Show Comments

Extras

Created Apr 27, 2012ReportNominate
Tags:Disney Quiz, beast, beauty, character

Top Quizzes Today


Score Distribution

Your Account Isn't Verified!

In order to create a playlist on Sporcle, you need to verify the email address you used during registration. Go to your Sporcle Settings to finish the process.

Report this User

Report this user for behavior that violates our Community Guidelines.

Details: